1219 1161 1265 1999 1739 1759 1531 1504 1548 1955 1206 1086 1326 1684 1342 1961 1586 1272 1060 1512 1111 1458 1173 1653 1532 1039 1758 1171 1961 1969 1326 1865 1050 1765 1408 1910 1547 1162 1329 1442 1423 1600 1608 1266 1625 1871 1163 1865 1872 1324 1906 1799 1601 1173 1776 1791 1096 1381 1160 1272 1882 1737 1879 1258 1229 1029 1816 1588 1790 1345 1375 1766 1526 1175 1794 1472 1591 1720 1809 1219 1560 1173 1077 1792 1522 1433 1273 1369 1344 1486 1993 1814 1165 1053 1511 1012 1522 1447 1948 BCNSPRNW ULIB Ver.6.0+V

เปลี่ยนเป็นภาษาไทย

Change to English
 แสดงรายละเอียดบรรณานุกรม
  กลับหน้าหลัก

Brief Record : Get Marc (ISO 2709) : E-mail record : QR code < ปิดหน้าต่าง
LEADER : 00000nam 2200000uu 4500
001    13399121575
003     ULIB
008    121123s2551||||th 000 0 tha d
020    ^a9789740692010
060 04 ^aWV200^bล145ร
100 0  ^aลลิดา เกษมสุวรรณ
245 10 ^aโรคหูทั่วไป /^cลลิดา เกษมสุวรรณ
250    ^aพิมพ์ครั้งที่ 1
260    ^aกรุงเทพฯ :^bเอ็ม.ที.เพรส,^c2551
300    ^a87 หน้า ;^c27 ซม.
650  2 ^aEar, Diseases
650  7 ^aหู, โรค
650  7 ^aหู^xสรีรวิทยา
945    ^p185^l0^i16448
945    ^p185^l0^i16449
995    ^aกัณชพร
999 ^a ใช้งานได้ทุกระบบ
รายการนี้ยังไม่มีแท็ก
คุณยังไม่ได้ล็อกอิน คุณสามารถมีกิจกรรมร่วมกับเว็บไซต์ได้ แต่ต้องล็อกอินก่อน ::
  ล็อกอิน

รายการสื่อสารสนเทศ

ลำดับที่ ประเภท เลขเรียก/บาร์โค้ด สถานที่ สถานะ
1. วิทยาศาสตร์การแพทย์ และสุขภาพ
วิทยาศาสตร์การแพทย์ และสุขภาพ
WV200 ล145ร  
  Barcode: 16448
ห้องสมุดวิทยาเขตสวรรค์ประชารักษ์
►ส่วนจัดเก็บหนังสือเก่า สปร
บนชั้น
  ขอยืม

รายการใกล้เคียง
    ผู้แต่ง [ลลิดา เกษมสุวรรณ]

    หัวเรื่อง [Ear, Diseases]
    หัวเรื่อง [หู, โรค]

BibComment


ยังไม่เคยถูกคอมเมนท์

คอมเมนท์ทรัพยากรรายการนี้
  คอมเมนท์: โรคหูทั่วไป ลลิ..


 Copyright 2026. Bcnsprnw @Library